De landen van Europa oefenen - Statistieken

Algemene statistieken
  • Deze quiz is 299 keer genomen
    278 sinds de laatste reset
  • De gemiddelde score is 34 van 45
Antwoorden op de kaart
Antwoorden kleurgecodeerd door een groen-rode schaal op de quizkaart volgens % correct hieronder.
 
Antwoordstatistieken
land % Correct
belgië
90%
frankrijk
89%
italië
89%
nederland
89%
spanje
89%
duitsland
88%
ijsland
87%
rusland
87%
portugal
86%
denemarken
84%
ierland
84%
noorwegen
84%
zweden
84%
letland
83%
oekraïne
83%
oostenrijk
83%
polen
83%
zwitserland
83%
estland
82%
finland
82%
griekenland
82%
belarus
81%
verenigd koninkrijk
81%
luxemburg
78%
litouwen
77%
kroatië
76%
bulgarije
75%
hongarije
74%
roemenië
73%
slowakije
69%
tsjechië
69%
albanië
68%
bosnië en herzegovina
65%
monaco
64%
malta
63%
vaticaanstad
63%
slovenië
62%
andorra
59%
noord-macedonië
59%
liechtenstein
58%
moldavië
57%
servië
57%
kosovo
56%
san marino
51%
montenegro
48%
Geen overeenkomende quizzen gevonden
Scoreverdeling
Procent van Mensen met Elke Score
Percentiel versus Aantal Correcte Antwoorden
Uw Scoregeschiedenis
U heeft deze quiz nog niet genomen sinds de laatste reset